Greatest NBA Duos of All Time - Statistics

General Stats
  • This quiz has been taken 1,515 times
    1,497 since last reset
  • The average score is 19 of 20
Answer Stats
Hint: Answer % Correct
2. Miami Heat (2010's) LeBron James and Dwyane Wade
100%
3. Chicago Bulls (1990's) Michael Jordan and Scottie Pippen
99%
14. Golden State Warriors (2010's) Stephen Curry and Kevin Durant
99%
1. Boston Celtics (1980's) Larry Bird and Kevin McHale
98%
13. Cleveland Cavaliers (2010's) LeBron James and Kyrie Irving
98%
4. Los Angeles Lakers (1980's) Magic Johnson and Kareem Abdul-Jabbar
98%
12. Oklahoma City Thunder (2010's) Russell Westbrook and Kevin Durant
98%
5. Utah Jazz (1990's) John Stockton and Karl Malone
97%
8. Los Angeles Lakers (2000's) Kobe Bryant and Shaquille O'Neal
97%
7. San Antonio Spurs (2000's) Tim Duncan and Tony Parker
97%
10. Milwaukee Bucks (1970's) Oscar Robertson and Kareem Abdul-Jabbar
96%
11. Boston Celtics (1960's) Bill Russell and Bob Cousy
95%
6. Detroit Pistons (1980's) Isiah Thomas and Joe Dumars
95%
9. Philadelphia 76ers (1980's) Julius Erving and Moses Malone
95%
20. Los Angeles Clippers (2010's) Chris Paul and Blake Griffin
94%
19. Boston Celtics (2000's) Kevin Garnett and Paul Pierce
94%
15. Phoenix Suns (2000's) Steve Nash and Amar'e Stoudemire
94%
17. New York Knicks (1990's) Patrick Ewing and John Starks
92%
18. Orlando Magic (1990's) Penny Hardaway and Shaquille O'Neal
92%
16. Seattle Supersonics (1990's) Gary Payton and Shawn Kemp
90%
No matching quizzes found
Score Distribution
Percent of People with Each Score
Percentile by Number Answered
Your Score History
You have not taken this quiz since the last reset